Podnikateľský plán výrobného podniku s cieľom získania investičného bankového úveru na rozšírenie výroby diplomová práca

Guardado en:
Detalles Bibliográficos
Autor principal: Polečová, Petra
Autor Corporativo: Fakulta podnikového manažmentu EU. Katedra podnikových financií
Otros Autores: Kalusová, Lenka, 1987-
Formato: Libro
Lenguaje:eslovaco
Publicado: Bratislava 2018
Etiquetas: Agregar Etiqueta
Sin Etiquetas, Sea el primero en etiquetar este registro!

MARC

LEADER 00000nbm a2200000 4500
001 0244610
005 20181001111230.8
041 0 |a slo 
044 |a SK 
245 1 0 |a Podnikateľský plán výrobného podniku s cieľom získania investičného bankového úveru na rozšírenie výroby  |b diplomová práca  |c Petra Polečová ; školiteľ: Lenka Kalusová 
264 1 |a Bratislava  |c 2018 
300 |a 86 s. 
100 1 |a Polečová, Petra 
700 1 |a Kalusová, Lenka, 1987- 
710 2 |a Fakulta podnikového manažmentu EU. Katedra podnikových financií